Big Data - knowledge discovery from heterogenous data storages - implementation of best practices

Salvato in:
Dettagli Bibliografici
Autore principale: Abasová, Jela (Autore)
Altri autori: Tanuška, Pavol (Relatore della tesi)
Natura: Manoscritto Libro
Lingua:slovacco
inglese
Pubblicazione: 2021
Soggetti:
Accesso online:http://is.stuba.sk/zp/portal_zp.pl?podrobnosti=145424
Tags: Aggiungi Tag
Nessun Tag, puoi essere il primo ad aggiungerne!!

MARC

LEADER 00000ntm a22000003a 4500
001 stuzp66090
003 SK-STU
005 20211122132511.5
007 ta
008 150427s2015----xo-----f-mn---000-0-slo-d
035 |a biblio/433694  |2 CREPC2 
040 |a STU  |b slo 
041 0 |a eng 
044 |a xo 
100 1 |a Abasová, Jela  |u 066000  |4 aut  |9 100  |U MTF Materiálovotechnologická fakulta  |T MTF Ústav aplikovanej informatiky, automatizácie a mechatroniky  |X 46759  |U M6000  |Y 86  |7 46759 
242 0 1 |a Big Data – získavanie znalostí z heterogénnych dátových úložísk – implementácia osvedčených postupov  |y slo 
245 1 0 |a Big Data - knowledge discovery from heterogenous data storages - implementation of best practices 
260 |c 2021 
300 |a 200 s. 
650 4 |a Big Data  |2 slo 
650 4 |a Industry 4.0  |2 slo 
650 4 |a CRISP-DM  |2 slo 
650 4 |a prediktívna údržba  |2 slo 
650 4 |a produkčný priemysel  |2 slo 
650 4 |a Big Data  |2 eng 
650 4 |a Industry 4.0  |2 eng 
650 4 |a CRISP-DM  |2 eng 
650 4 |a predictive maintenance  |2 eng 
650 4 |a production industry  |2 eng 
700 1 |a Tanuška, Pavol  |u 066000  |k Z1  |4 ths  |U MTF Materiálovotechnologická fakulta  |T MTF Ústav aplikovanej informatiky, automatizácie a mechatroniky  |X 248  |U M6000  |Y 86  |7 A000000248 
856 4 |u http://is.stuba.sk/zp/portal_zp.pl?podrobnosti=145424 
996 |c M* DzP-691  |l MMSKP  |s P  |a 0  |w stuzp66090_0001